[Event "NED-ch57"]
[Site "Leeuwarden"]
[Date "2002.06.26"]
[Round "6"]
[White "Van Wely, Loek"]
[Black "Tiviakov, Sergei"]
[Result "1/2-1/2"]
[WhiteElo "2642"]
[BlackElo "2625"]
[Annotator "Tiviakov,S"]
[PlyCount "78"]
[EventDate "2002.06.20"]
[EventType "tourn"]
[EventRounds "9"]
[EventCountry "NED"]
[EventCategory "13"]
[SourceTitle "CBM 091"]
[Source "ChessBase"]
[SourceDate "2002.11.12"]
[SourceVersion "1"]
[SourceVersionDate "2002.11.12"]
[SourceQuality "1"]

1. d4 Nf6 2. c4 e6 3. Nc3 Bb4 4. e3 O-O 5. Bd3 d5 6. Nf3 c5 7. O-O Nc6 8. a3
Bxc3 9. bxc3 dxc4 10. Bxc4 Qc7 11. Bb2 e5 12. h3 Bf5 (12... e4 {- 80/561}) (
12... Bd7 {- 81/446}) 13. Qe2 (13. Bb5 e4 14. Nh4 Be6 (14... Bd7 15. c4 cxd4
16. exd4 Qf4 17. g3 Qd6 18. d5 Ne5 19. Bxd7 Nfxd7 $11 20. Qd4 f5 21. f4 exf3
22. Nxf3 Qg6 23. Kg2 f4 24. g4 Nxf3 25. Rxf3 Rae8 26. Raf1 Re4 27. Qxa7 h5 28.
g5 Rxc4 29. Kh2 Nc5 30. Bd4 Ne4 31. h4 Nd2 {0-1 Uhlmann,W-Szabo,L/Wageningen
1957/MCD (31)}) 15. c4 a6 (15... cxd4 16. exd4 a6 (16... Rad8 $6 17. d5 Ne5 18.
Qb3 Bd7 19. Qg3 $16 Rfe8 20. Bxd7 Rxd7 21. Nf5 Ng6 22. Qg5 Qf4 23. Bxf6 gxf6
24. Qxf6 Qe5 25. Nh6+ Kf8 26. Ng4 Qd6 27. Qf5 Rc7 28. Rac1 Qf4 29. Qh5 f5 30.
Nf6 Ree7 31. c5 Rg7 32. d6 Rc8 33. Nxh7+ Kg8 34. Nf6+ Kf7 35. Nd5 Qe5 36. Ne7
Rh8 37. Qxf5+ Qxf5 38. Nxf5 Rgg8 39. Ng3 Nf4 40. Rc4 Rh4 41. Rb4 {1-0 Taimanov,
M-Antoshin,V/Moscow 1957/URS-ch (41)}) 17. d5 axb5 18. Bxf6 gxf6 19. dxe6 fxe6
20. Qg4+ Kh8 {(1/2-1/2 Nienhuis-Filutowski)} 21. Qxe4 bxc4 22. Qxc4 $11 {ECO})
16. d5 axb5 17. Bxf6 gxf6 18. dxe6 fxe6 19. Qg4+ Kh8 (19... Kf7 20. cxb5 Ne7
21. Qxe4 f5 22. Qc4 b6 23. f4 Qb7 24. Nf3 Qd7 25. Qe2 Qd6 26. e4 Ng6 27. Ng5+
Kg8 28. Rad1 Qe7 29. exf5 exf5 30. Qc4+ Kh8 31. Rfe1 Qg7 32. Re3 h6 33. Ne6 Qf7
34. Qc3+ {1-0 Prudnikova,S-Baginskaite,C/Moscow RUS 2001/The Week in Chess 369
(34)}) 20. Qxe4 Qe5 21. Qxe5 Nxe5 22. cxb5 Ra5 23. a4 Rfa8 24. Rfd1 Rxa4 25.
Rxa4 Rxa4 26. f4 Nc4 {1/2-1/2 Abakarov,D-Buslaev,A/Tbilisi 1957/MCD (26)}) (13.
Nh4 Be4 14. f3 Bd5 15. Bd3 cxd4 16. cxd4 exd4 17. e4 Be6 18. f4 Qb6 19. Rf2 Qb3
20. Qe2 Nd7 21. Rc1 Nb6 22. e5 Na4 23. Rc2 Nxb2 24. Rxb2 Qxa3 25. f5 Bd5 26. f6
g6 27. Qd2 Rfe8 28. Rxb7 Nxe5 29. Re7 Nxd3 30. Rf1 Nf4 31. Rxf4 Rxe7 32. fxe7
Qxe7 33. Rxd4 Be6 34. Nf3 Qc5 35. Kh1 Rc8 36. Rd8+ Rxd8 37. Qxd8+ Kg7 38. Qh4
Bd5 39. Qg5 f6 {0-1 Binkauskas-Salminsch/corr Baltic 1965 (39)}) (13. d5 Na5
14. Ba2 c4 15. d6 Qb6 16. Qa4 Bd3 17. Rfd1 Qxb2 18. Qxa5 Ne4 19. Re1 Qxf2+ 20.
Kh2 b5 21. d7 Qg3+ 22. Kg1 Nf2 23. Qxb5 Nxh3+ 24. Kh1 Nf2+ 25. Kg1 Ng4 {
0-1 Cenni-Alagna/corr Italy 1989 (25)}) 13... Rad8 $5 (13... Rfe8 14. Ba2 (14.
Rfd1 Rad8 15. a4 e4 16. Nd2 Nd5 17. Nb3 cxd4 18. Nxd4 Nxd4 19. Rxd4 Ne7 20. Bb5
Nc6 21. Bxc6 Qxc6 22. Qb5 Rxd4 23. cxd4 Bd7 24. Qxc6 Bxc6 25. a5 f6 26. Ba3 Kf7
27. Bc5 a6 28. Kh2 h5 29. h4 Ke6 30. Kg3 Kf5 31. Bb6 Rc8 32. Rc1 Bd7 33. Bc7
Ke6 34. Rc5 Bc6 35. Bb6 Rh8 36. f3 g6 37. Kf4 g5+ 38. hxg5 fxg5+ 39. Kg3 h4+
40. Kh2 exf3 41. gxf3 Bxf3 42. Rxg5 h3 43. e4 Rh4 44. d5+ Kd6 45. Rg6+ Kd7 46.
e5 Re4 47. Rg7+ Ke8 48. d6 Re2+ 49. Kxh3 Bc6 {1-0 Hort,V-King,D/Germany 1986/
GER-chT (49)}) (14. Bb5 e4 15. Nd2 a6 16. Bxc6 Qxc6 17. c4 cxd4 18. Bxd4 Nd7
19. Rfb1 b6 20. Nf1 f6 21. Rb2 Be6 22. Nd2 Rab8 23. Rab1 Bf7 24. Qg4 Ne5 25.
Qd1 Nd7 26. Qg4 Ne5 27. Qd1 Nd7 28. Qg4 {1/2-1/2 Iskusnyh,S-Filippov,V/Tomsk
2001/CBM 82 ext (28)}) 14... Rad8 (14... Be6 15. dxe5 Nxe5 16. c4 Ng6 17. Rac1
Bf5 18. Bxf6 gxf6 19. Bb1 Bxb1 20. Rxb1 b6 21. Rfd1 Rad8 22. Nh2 Rxd1+ 23. Rxd1
Rd8 24. Ng4 Rxd1+ 25. Qxd1 Kg7 26. f4 Qc6 27. Qd3 f5 28. Qc3+ f6 29. Nf2 a6 30.
Nh1 Nh4 31. Qc2 b5 32. Qf2 Ng6 33. Ng3 Ne7 34. Qc2 b4 35. axb4 cxb4 36. c5 a5
37. Qc4 Qd5 38. Qxd5 Nxd5 39. Nxf5+ Kg6 40. Nd4 a4 41. Kf2 b3 42. Nb5 b2 43.
Na3 Kf7 44. Ke2 Nc3+ 45. Kd3 b1=Q+ 46. Nxb1 Nxb1 47. e4 a3 48. Kc2 Nd2 49. e5
fxe5 50. c6 Ke7 51. fxe5 Nc4 52. Kb3 Nxe5 53. c7 Kd7 54. Kxa3 Kxc7 55. Kb3 Kd6
56. Kc3 Kd5 57. Kd2 Ke4 58. Ke2 Kf4 {0-1 Cherepkov,A-Krogius,N/St Petersburg
1995/EXT 98 (58)}) 15. Rad1 e4 16. Nh2 cxd4 17. cxd4 Nd5 18. Rc1 Qe7 19. Rc5
Be6 20. Ba1 f5 21. Rfc1 Kh8 22. Nf1 Rf8 23. Bxd5 Bxd5 24. Qb2 Rf6 25. Qb5 Qd7
26. Ng3 Ne7 27. Qxd7 Rxd7 28. Rc7 Rfd6 29. Nh5 Kg8 30. Bb2 Kf7 31. a4 g6 32.
Nf4 g5 33. Ne2 Rxc7 34. Rxc7 Rc6 35. Rxc6 Bxc6 36. Nc3 Ke6 37. a5 Nd5 38. Kf1
Nb4 39. Ke2 Bd5 40. Ba3 Bc4+ 41. Kd2 Nc6 42. Bc5 Nxa5 43. Bxa7 Bf1 44. g3 Bxh3
45. Na4 Bf1 46. Nc5+ Ke7 47. g4 fxg4 48. Nxe4 Bg2 49. Ng3 Kf7 50. e4 Kg6 51. d5
{1/2-1/2 Milic,B-Kevitz,A/USA 1950/EXT 2001 (51)}) (13... a6 14. a4 Rfe8 15.
Rfd1 Rac8 16. Ba2 e4 17. Nh2 (17. Nd2 g5 (17... Na5 18. c4 cxd4 19. exd4 Bd7
20. d5 Qf4 21. Bd4 Bxa4 22. Bb6 Bxd1 23. Rxd1 Nc6 24. dxc6 bxc6 25. Nf1 c5 26.
Ne3 Rc6 27. Ba5 Kf8 28. Nd5 Qf5 29. Bb3 Rb8 30. Ba4 Re6 31. Qe3 {1-0
Moran-Santoro/corr 1973 (31)}) 18. g4 Bg6 19. Kg2 h5 20. Rh1 h4 21. Nc4 Na5 22.
Nxa5 Qxa5 23. Rhd1 cxd4 24. Rxd4 Red8 25. Rad1 Rxd4 26. Rxd4 b5 27. Rd6 Qxa4
28. Bb1 Kf8 29. Rxf6 Rd8 30. c4 b4 31. c5 Rd3 32. c6 Ke7 33. Be5 b3 34. c7 Kd7
35. Qxd3+ {1-0 Santoro-Baiocchi/Italy 1975 (35)}) 17... Na5 $11 18. c4 cxd4 19.
Bxd4 Nd7 20. Nf1 Ne5 21. Ng3 Bg6 22. h4 h5 23. c5 Nac6 24. Bd5 Ng4 25. Bxc6
bxc6 26. Nf1 a5 27. Rab1 Qe7 28. g3 Ne5 29. Bxe5 Qxe5 30. Qc4 Bf5 31. Rd4 Re6
32. Qc3 Bh3 33. Nd2 Qf5 34. Qxa5 Kh7 35. Qb4 Rce8 36. Qc4 Re5 37. Rb7 R8e6 38.
Qc2 Rxc5 39. Qb1 Rce5 40. f4 Rg6 41. Qe1 Re8 42. Nc4 Qg4 43. Rb2 Qxg3+ 44. Qxg3
Rxg3+ 45. Kh2 Rf3 46. Nd6 Re7 47. Rxe4 Rd7 48. Nc4 Bf5 49. Re5 Bg4 50. Kg2 Rd1
51. Nd2 Rh3 52. Rxh5+ Bxh5 53. Kxh3 Ra1 {1/2-1/2 Ragozin,V-Tolush,A/Leningrad
1954/EXT 99 (53)}) (13... Rac8 14. Rae1 cxd4 15. exd4 exd4 16. cxd4 Qb6 17. d5
Na5 18. Bd4 Qd8 19. Ba2 Rc2 20. Qe5 Bg6 21. Ra1 Re8 22. Qg5 Ree2 23. Bb1 Rc8
24. Bf5 Ra8 25. d6 h6 26. Qf4 Bxf5 27. Qxf5 Re6 28. Rad1 Nc6 29. Bxf6 Rxf6 30.
Qd3 Qd7 31. Rd2 Rd8 32. Rfd1 a6 33. Qc3 Re6 34. Nd4 Nxd4 35. Rxd4 Rc8 36. Qd3
Rc6 37. a4 Kh8 38. Rd5 Rf6 39. Qd4 b6 40. Qd3 Rg6 41. h4 Re6 42. h5 a5 43. Qb5
Re8 44. f3 Rd8 45. Qe2 Rb8 46. Qe7 Rd8 47. R1d4 Kg8 48. Kf2 Rcc8 49. Kg3 f6 50.
Qxd7 Rxd7 51. f4 Kf7 52. Kf3 Rc6 53. f5 Rc3+ 54. Kg4 Rc2 55. g3 Rc3 56. Kh4 Ke8
57. Re4+ Kd8 58. Kg4 Rc5 59. Rd2 b5 60. axb5 Rxb5 61. Kf4 Rb6 62. Rd5 Ra7 63.
Ra4 Rba6 64. Ke3 Kd7 65. Kf3 Ra8 66. Ke4 Re8+ 67. Kf4 Rea8 68. Kf3 R6a7 69. Rg4
a4 70. Rxg7+ Kc6 71. d7 Rd8 72. Rd1 Raxd7 73. Rc1+ Kb5 74. Rb1+ Kc4 75. Rg6
Rd3+ 76. Kg4 Rf8 77. Rxh6 a3 78. Kh4 a2 79. Ra1 Kb3 80. Rh7 Kb2 81. Rg1 Ra8 82.
Rb7+ Rb3 83. Rxb3+ Kxb3 84. h6 Rh8 85. Kh5 Kb2 86. Rh1 a1=Q 87. Rxa1 Kxa1 88.
g4 Kb2 89. g5 Ra8 90. gxf6 Kc3 91. f7 Kd4 92. Kg6 {1-0 Hiarcs 7.32-Junior 6.0/
Cadaques ESP 2000 (92)}) (13... h6 14. Ba2 Rfe8 15. d5 Na5 16. c4 Ne4 17. Bb1
f6 18. Bxe4 Bxe4 19. Nd2 Bc2 20. Rac1 Ba4 21. Qd3 b6 22. f4 e4 23. Nxe4 Qe7 24.
Nf2 Qxe3 25. Qg6 Re7 26. Bxf6 Be8 27. Qb1 Rf7 28. Rc3 Qe2 29. Re1 Qd2 30. Be5
Rxf4 31. Rc2 {1-0 Graf,A-Sulskis,S/Moscow RUS 2001/The Week in Chess 369 (31)})
14. Ba2 (14. a4 e4 (14... Rfe8) 15. Nd2 b6 16. f4 Na5 17. Ba2 Rfe8 18. Nc4 Nxc4
19. Bxc4 Be6 20. Bb5 Bd7 21. Rfd1 Bxb5 22. axb5 cxd4 23. cxd4 Nd5 24. Rdc1 Qd7
25. Bc3 Rc8 26. Be1 Rxc1 27. Rxc1 Rc8 28. Rxc8+ Qxc8 29. Kf2 f5 30. Qa2 Qd7 31.
Qc4 Kf7 32. g4 g6 33. Bb4 Ke6 34. Bd2 Qc7 35. Qa2 h5 36. gxf5+ gxf5 37. Qb3 h4
38. Ke2 Qc8 39. Ke1 a5 40. bxa6 Qxa6 41. Qc2 Kd6 42. Bc1 Qa5+ 43. Ke2 Qb5+ 44.
Ke1 Kd7 45. Bd2 Qa6 46. Qd1 Qd3 47. Qa4+ Ke7 48. Qa7+ Ke6 49. Qb8 Qb1+ 50. Kf2
Kd7 51. Qa8 Ne7 52. Ke2 Qb5+ 53. Kf2 Qb1 54. Qa4+ b5 55. Qa7+ Ke6 56. Qc5 Qa2
57. Ke1 Qb1+ 58. Kf2 Qa2 59. Ke2 Qd5 60. Qb6+ Kf7 61. Qh6 b4 62. Qxh4 Qb5+ 63.
Kf2 b3 64. Qh5+ Ke6 65. Qd1 b2 66. Qb1 Qb3 67. Bc1 bxc1=Q 68. Qxb3+ Nd5 69. Ke2
Qh1 70. Qa3 Qf3+ 71. Kd2 Qf2+ 72. Kd1 Nxe3+ {0-1 Sarthou Gaetan (FRA)-Touzane
Olivier (FRA)/Internet 2001 (72)}) 14... Bg6 $146 (14... h6 15. d5 Ne7 (15...
Rxd5 16. Bxd5 Nxd5 $44) 16. c4 Ng6 17. Nd2 Rfe8 18. Bb1 Bxb1 19. Raxb1 Rd6 20.
Qf3 Ra6 21. Ne4 Nxe4 22. Qxe4 Qd7 23. Qc2 Nh4 24. Qe4 Nf5 25. Rbc1 Rg6 26. Kh2
Nd6 27. Qc2 e4 28. f4 exf3 29. Rxf3 Re4 30. Qd3 Qe7 31. Rc2 Rg5 32. Bc1 Rf5 33.
Rxf5 Nxf5 34. Rf2 Nd6 35. Rf4 g5 36. Rxe4 Qxe4 37. Qc3 Nxc4 38. d6 Qe5+ 39.
Qxe5 Nxe5 40. Bb2 Nd7 41. Kg3 f5 42. Kf3 Kf7 43. g4 Kg6 44. gxf5+ Kxf5 45. e4+
Ke6 46. Kg4 c4 47. Bd4 b5 48. Kh5 Nf6+ 49. Bxf6 Kxf6 50. e5+ Ke6 51. Kg6 c3 52.
d7 Kxd7 53. Kf7 c2 54. e6+ Kc7 55. e7 c1=Q 56. e8=Q Qc6 57. Qe5+ Kb7 58. Qe1 h5
{0-1 Tal,M-Uusi,G/Tartu 1956 (58)}) (14... Rfe8 $5 15. d5 $140 Rxd5 (15... Nxd5
$6 16. Bxd5 Rxd5 17. e4 Nd4 18. cxd4 exd4 $14) 16. Bxd5 (16. e4 $2 Bxe4) 16...
Nxd5 $44) 15. Rad1 (15. Qc4 Ne4 $11) 15... Rfe8 16. Nxe5 $5 (16. d5 Ne7 (16...
Na5 $5) (16... Nb8) 17. c4 Nf5 $13) (16. Qc4 Ne4) 16... Nxe5 17. dxe5 Rxd1 (
17... Qxe5 $11) 18. Rxd1 Qxe5 19. c4 Qe7 20. Bb3 $6 (20. Qd2 $142 {(<->d)} Be4
$5 (20... Bf5 $5) 21. Qd6 Bc6 $11) 20... Rd8 $1 $15 21. f3 (21. Bxf6 $142)
21... Rxd1+ 22. Bxd1 Nd7 {(><c4)} 23. Qd2 (23. e4 f6 {/\Bf7}) 23... f6 24. Kf2
Bf7 $2 (24... Nb6 $142 $1 $17 {(><c4, /\Bf7, Qe6)} 25. Be2 Bf7 26. Qa5 Nc8 27.
a4 b6 28. Qa6 Nd6 29. a5 Qb7 30. Qxb7 Nxb7 31. axb6 axb6 32. e4 Na5 33. e5 (33.
Bc3 Nxc4 34. Bxc4 Bxc4 35. e5 f5) 33... fxe5 (33... f5 $5) 34. Bxe5 Bxc4 (34...
Nxc4 35. Bxc4 Bxc4 36. Bc7 b5 37. Bb6 $11) 35. Bc7 Bxe2 36. Kxe2 Nc4 37. Kd3 b5
{Van Wely}) 25. Qa5 $1 Nb6 (25... Bxc4 26. Qc7 $1 $36 (26. Qxa7 Qd6 $17)) 26.
Qxa7 Nxc4 27. Bc1 Ne5 28. Bc2 c4 $11 29. Qb8+ (29. Qa8+ Be8 30. Ba4 Nd3+ 31.
Kf1 Kf7 32. Bxe8+ Qxe8 33. Qxb7+ Kg6 34. Bd2 (34. Qb1 Qa4 35. Ke2 $140 Qb3 36.
Qa1 (36. Qxb3 Nxc1+ $19) 36... Qc2+ (36... Qa2+ $2 37. Qxa2 Nxc1+ 38. Kd2 Nxa2
39. Kc2) 37. Bd2 Nb2 38. Qc1 Qd3+ 39. Ke1 Qxa3 $11) 34... Qa4 35. Ke2 Qc2 $11
36. Qe4+ Kf7 37. Qd5+ Kf8) 29... Be8 30. Ba4 Nd3+ 31. Kf1 Kf8 (31... Kf7 32.
Bxe8+ Qxe8 33. Qxb7+ Kg6 $11 {- 29.Qa8}) 32. Bd2 Qe5 $8 {(/\b5)} 33. Qxe5 fxe5
34. Bc2 (34. Bxe8 Kxe8 $15 {_|_}) 34... Ke7 35. e4 Ke6 36. g3 Nc5 37. Kf2 Ba4
38. Be3 Bxc2 39. Bxc5 g6 1/2-1/2

[Event "Hoogovens"]
[Site "Wijk aan Zee"]
[Date "1999.01.26"]
[Round "9"]
[White "Sokolov, Ivan"]
[Black "Kasparov, Garry"]
[Result "1-0"]
[WhiteElo "2610"]
[BlackElo "2812"]
[Annotator "Tsesarsky,I"]
[PlyCount "55"]
[EventDate "1999.01.16"]
[EventType "tourn"]
[EventRounds "13"]
[EventCountry "NED"]
[EventCategory "17"]
[SourceTitle "CBM 069"]
[Source "ChessBase"]
[SourceDate "1999.04.01"]
[SourceVersion "1"]
[SourceVersionDate "1999.04.01"]
[SourceQuality "1"]

{[%mdl 10380]} 1. d4 {Wells. Ftacnik. McShane} Nf6 2. c4 e6 3. Nc3 Bb4 4. e3 {
Wells: 'Ivan has written both a book and a monograph on 4 Qc2, but is also
increasingly branching out in this direction. '} O-O 5. Bd3 d5 6. Nf3 c5 7. O-O
Nc6 8. a3 Bxc3 9. bxc3 Qc7 {'!?' Wells.} (9... dxc4 {Wells} 10. Bxc4 Qc7 11.
Bd3 e5 12. Qc2 {is a more common route to the position we encounter at move 12.
The move order in the game reflects a prevailing belief that 10 cxd5 does not
offer white any clear route to a plus.}) 10. Qc2 (10. cxd5 {Wells} exd5 11. a4
Re8 12. Ba3 c4 13. Bc2 Ne4 14. Bxe4 Rxe4 15. Nd2 Re8 $1 {is looking pretty
resilient at the moment. Black has good chances of maintaining his
light-square blockade.}) 10... dxc4 11. Bxc4 e5 12. Bd3 Re8 (12... Bg4 {
McShane: is also possible, and after} 13. Nxe5 Nxe5 14. dxe5 Qxe5 15. f3 {
with the two bishops White is a little better.}) 13. e4 {'!?' Wells. Wells:
'Ivan Sokolov has been very productive of interesting ideas for white in the
Nimzo-Indian with both 4.Qc2 and latterly 4.e3. Here however his talent has
been for some admirable archaelogical digging. The text move was popular in
the 1950s and to some extent the 60s too, before dying out, as is often the
case for no particularly convincing reason. The main line '} (13. dxe5 {Wells}
Nxe5 14. Nxe5 Qxe5 15. f3 {leads to heavily analysed structures.}) 13... exd4 (
13... c4 14. Bxc4 exd4 15. cxd4 Na5 (15... Rxe4 $5 16. Bd3 (16. Ng5 $2 Nxd4 17.
Qa2 Qxc4 18. Qxc4 Ne2+ $17) 16... Re7 17. Bg5 (17. d5 Nxd5 (17... Ne5 18. Nxe5
Qxc2 19. Bxc2 Rxe5 20. d6) 18. Bxh7+ Kh8 19. Bg5) 17... Bg4 18. Bxf6 gxf6 19.
Bxh7+ Kg7 20. Be4 Rh8 (20... Rae8 $1) 21. g3 f5 22. Bxc6 bxc6 23. Ne5 Bh3 24.
Rfe1 $16 {1-0 Nor,I-Seidl,J/Graz 1998/EXT 99/[Wells] (35)}) 16. Bd3 Qxc2 17.
Bxc2 Nxe4 {should be about equal, but isn't really Kaparov's style. He heads
straight for the tactics. Wells: 'is given as '+/=' by Ivan Sokolov.  '} (17...
Nxe4 {Wells: is given as '+/=' by Ivan Sokolov.} 18. Re1 Nd6 19. Bf4 Nac4 20.
Bb3 Bf5 21. Ne5 Be6 22. Nd3 Rad8 23. Nc5 Bc8 (23... Bd5 $4 24. Bxd6 $18) 24.
Bxc4 Nxc4 25. Bc7 Rxe1+ 26. Rxe1 Rf8 27. d5 Nxa3 (27... b6 $5) 28. d6 Nb5 29.
Re7 a5 (29... b6 $5) 30. Bb8 a4 31. Nxa4 Be6 32. Rxb7 Bd5 33. Rb6 Nd4 34. h3 h5
35. Nc5 Ne6 36. Na6 Rc8 37. Bc7 Kf8 38. d7 Ra8 39. Rxe6 fxe6 40. d8=Q+ Rxd8 41.
Bxd8 {1-0 Rogers,I-Solomon,S/Sydney 1999 (41)})) 14. cxd4 Bg4 15. e5 (15. Qxc5
Nxe4 (15... Bxf3 16. gxf3 Qd7 17. Be3 (17. d5 Ne5 18. Be2 Qh3 19. Qe3 Nxd5 20.
exd5 Ng6 21. Qg5 Rxe2) 17... Nxe4 (17... Nxe4 {Wells} 18. Bxe4 Rxe4 19. fxe4
Qg4+ $11 {is one route to early peace. The text leads to a rather forcing
sequence resulting in a very sharp position due to the vulnerability of both
sides' kings.})) 16. Bxe4 Rxe4 17. Ng5 (17. Ne5 Be6 18. Be3 $11) 17... Rxd4 (
17... Re7 18. Qc2 g6 19. Ne4 Bf5 20. Nf6+ Kg7 21. Qd2 Kxf6 22. d5 Rd8 23. Bb2+
Ne5 24. f4 Qc5+ $15) 18. Bb2 Rd3 $17) (15. dxc5 {McShane} Bxf3 16. gxf3 Nd4 {
is not good news for White}) 15... Bxf3 16. exf6 Nxd4 17. Bxh7+ Kh8 18. fxg7+
Kxg7 19. Bb2 Rad8 {'[]' McShane. McShane: 'With the c-pawn pinned, White was
threatening Bxd4+'} (19... Qe5 20. Bxd4 cxd4 21. gxf3 Rh8 22. Qe4 Qg5+ 23. Kh1
Rxh7 24. Qxd4+ f6 25. Qd6 $16) 20. gxf3 (20. Rfc1 Rh8 (20... Re2 21. Bxd4+ Rxd4
22. Qc3 (22. Qxc5 Rd1+ 23. Rxd1 Qxc5 $19) 22... Qf4 23. Qxf3 Qxf3 24. gxf3 Kxh7
25. Rxc5 Rdd2 $15) 21. Qxc5 Qxc5 22. Rxc5 Kxh7 23. Bxd4 Rhg8 24. Be5 Rxg2+ 25.
Kf1 Rg6 26. Rc3 Bg2+ 27. Ke2 Re8 28. Re3 {1/2-1/2 Langeweg,K-Kuijpers,F/
Leeuwarden NK 1980 (28)} Rc6 $15) (20. Bf5 $5 {Wells might be a safe option
for a minimal edge} Re2 (20... Rh8 21. h3) 21. Bxd4+ Rxd4 22. Qc3 Bd5 23. Rfe1
{and white's king is somewhat the safer, although black's pieces are well
centralised and it may not amount to too much.}) 20... Rh8 21. Kh1 Rxh7 {
Ftacnik: 'Only Kasparov could answer the question, why he refrained from the
more promising idea 21...Kf8!?' Wells: 'The problem with this is that by his
next couple of moves white is able to gain time to both cover h2 and to mount
a dangerous counter-attack on the g-file. If we can detect a reason why white
once gave up this interesting line, it might be due to the alternative '} (
21... Kf8 22. Qe4 (22. Bxd4 Rxd4 23. f4 Rxf4 $17) 22... f5 $1 (22... f6 23.
Bxd4 (23. Qh4 Rxh7 (23... Qg7 24. Bxd4 Rxd4 25. Qh3 Rd7 26. Qf5 Rxh7 27. Qxc5+
Qe7 $132) 24. Qxf6+ Ke8 25. Rfe1+ Kd7 26. h4 Rf8 27. Re7+ (27. Qg5 Qf4 $19)
27... Rxe7 28. Qxf8 $132 {0-1 Endzelins-Bouwmeester/Eu-Echecs Jub T /FS 1984 
(44)}) 23... Rxd4 24. Qg6 Rxh7 25. Qxf6+ Qf7 26. Qxf7+ Rxf7 27. Rac1 c4 $17 {
0-1 Vladimirov-Lisitsin/Moscow semi-finals 1955 (33)}) 23. Qh4 Rxh7 24. Qf6+
Ke8 25. Rfe1+ (25. Qg6+ Qf7 26. Rfe1+ Kf8 $17) 25... Kd7 26. Re5 Kc8 (26...
Rdh8 27. Bxd4 Rxh2+ 28. Kg1 Rh1+ 29. Kg2 R8h2+ 30. Kg3 Rh3+ 31. Kf4 Rh4+ 32.
Kxf5 Rh5+ 33. Ke4 R1h4+ 34. f4 $18) 27. Bxd4 cxd4 28. Qxf5+ Kb8 $17 {0-1 Marks,
I-Tenev Teno,P/cr EU/M/GT 1988 (39)}) 22. Rg1+ Kh8 23. Rg3 (23. Bxd4+ Rxd4 24.
Rg3 b6 25. Rag1 Qc8 26. Qe2 f6 27. Qf1 Rdh4 28. R1g2 Rd4 29. Qg1 Rd8 30. Rg6
$132) 23... Qe5 24. Rag1 {McShane: 'Here White threatens Qxh7+ and Rh3 mate. '}
Rh4 $2 $16 {'?' Ftacnik. Ftacnik: 'The first independent move is very
unfortunate, it seems that black's position instantly becomes hopeless.'} (
24... Qh5 25. R1g2 f6 (25... b6 26. Rg4 $16) 26. Qg6 (26. Qc4 Qf7 27. Qxf7 {
'!' Wells. Wells: 'I.Sokolov'} (27. Qxc5 $1 {Wells I.Sokolov} Ne2 28. Qg5 Rd1+
(28... Nxg3+ 29. fxg3 Rd6 30. Rc2) 29. Rg1 Nxg3+ 30. fxg3 Rd6 31. Rc1 Rh5 32.
Qf4 $16) 27... Rxf7 28. f4 b5 $15 (28... Rd6 $6 $11 29. Rh3+ Rh7 30. Rhg3 Re7
31. Rh3+ Rh7 32. Rhg3 {1/2-1/2 Porath,Y-Stahlberg,G/Amsterdam 1954 (32)})) (26.
Qd1 Re7 27. Qg1 b5 28. Rg8+ Rxg8 29. Rxg8+ Kh7 30. Qg4 Qxg4 31. Rxg4 Rd7 $17 (
31... Nxf3 32. Bxf6 Rd7 $15)) 26... Qxg6 27. Rxg6 f5 28. R2g5 Rf8 29. Rd6 Rg7
30. Rxd4 cxd4 31. Bxd4 Rff7 32. h4 Kh7 33. Bxg7 Rxg7 34. Rxf5 Kh6 $11) 25. Qc1
$2 $11 {'!' McShane. McShane: 'The position appears to be in the balance:
Black has a healthier queenside in return for his weaker king position. But it
is the weaker king that counts when Sokolov powers through on the g-file.
Kasparov can't do a thing to challenge the white rooks, as his own rooks
aren't working together.'} (25. f4 $1 $16 Qh5 (25... Qd6 26. Qf5 Qc6+ 27. f3
Qh6 28. R3g2 b6 (28... Qxf4 29. Qxc5 $18) 29. Qxf7 $18) 26. R1g2 (26. Bxd4+
cxd4 27. R3g2 Qf3 $15) (26. f3 $1 Qh6 (26... Rh3 27. Rxh3 Qxh3 28. Qe4 f6 (
28... Qe6 29. Qxb7 $16) 29. Qxb7 Qd7 30. Qe4 $16) 27. Qg2 Qf8 28. Rg7 Rh6 29.
Qg5 Rg6 (29... Rh3 30. Qf6 $18) 30. Rxg6 fxg6 31. Qxg6 $18) 26... Re8 27. Qd2
Qd5 28. Rg5 Qe4 (28... f5 $1 29. Rxf5 Qxf5 30. Bxd4+ Kh7 (30... cxd4 31. Qxd4+
$18) 31. Be5 Rg4 32. Rg3 Rxg3 33. hxg3 $132) 29. Rxc5 Qe1+ 30. Qxe1 Rxe1+ 31.
Rg1 $18) 25... Kh7 $4 $18 (25... Qh5 $1 26. R3g2 (26. R1g2 Re8 27. Qg1 Qe5 28.
Rg8+ Rxg8 29. Rxg8+ Kh7 30. Ra8 $1 (30. Rf8 {Ftacnik} Qg7 31. Qb1+ $1 Kh6 32.
Bc1+ Kh5 33. Be3 $18) 30... Qf4 31. Qg8+ Kh6 32. Qh8+ Kg6 33. Qg8+ Kh6 $11)
26... f6 (26... b6 27. Qe3 {[%cal Ge3e7]} Qd5 28. Qe7 Rh6 29. Rg3 {[%csl Rh8]
[%cal Ge7f6]} Kh7 30. Rg7+ Kh8 31. Rxf7 Rxh2+ 32. Kxh2 Qh5+ 33. Kg3 Rg8+ 34.
Kf4 Qxf3+ 35. Ke5 $1 $18) 27. Qe3 Re8 28. Bxd4 cxd4 29. Qb3 Qh7 30. Qa4 Ra8 31.
Re1 Qf7 32. Qb4 (32. Re4 Rxe4 33. fxe4 Rd8 34. Qa5 $1 b6 35. Qf5 Rg8 36. Qh3+
Qh7 37. Rxg8+ Kxg8 38. Qc8+ (38. Qxh7+ Kxh7 39. Kg2 b5 40. Kf3 a5 41. Ke2 b4
42. a4 $11 (42. axb4 axb4 43. Kd3 b3 44. f4 Kg6 45. Kd2 Kh5 46. h3 $11)) 38...
Kg7 39. Qd7+ Kg6 40. Qxd4 Qh3 $44) 32... Rd8 33. Re7 Qd5 34. Qxb7 Qxb7 35. Rxb7
d3 36. Rg1 d2 37. Rd1 Rc4 38. Rbb1 $11) 26. Qb1+ {'!' McShane.} Kh8 (26... f5
27. Bxd4 cxd4 (27... Rdxd4 28. Qxb7+ $18) (27... Qxd4 28. Qxf5+ Kh8 29. Rh3 $18
{[%cal Gf5h5]}) 28. Qxb7+ Kh8 29. Qf7 $1 $18) 27. Qf1 Qe6 28. Qg2 {McShane: '
White has the unmeetable threat of Rg8+ followed by mate.' Ftacnik: 'The
pressure along the g-file is simply too strong.'} 1-0

[Event "Linares Anibal op 02nd"]
[Site "Linares"]
[Date "1995.??.??"]
[Round "?"]
[White "Vaisser, Anatoli"]
[Black "Petursson, Margeir"]
[Result "1-0"]
[WhiteElo "2540"]
[BlackElo "2535"]
[Annotator "Vaisser,A"]
[PlyCount "51"]
[EventDate "1995.01.??"]
[EventType "swiss"]
[EventRounds "9"]
[EventCountry "ESP"]
[SourceTitle "CBM 045 Extra"]
[Source "ChessBase"]
[SourceDate "1995.05.01"]
[SourceVersion "1"]
[SourceVersionDate "1995.05.01"]
[SourceQuality "1"]

1. d4 Nf6 2. c4 e6 3. Nc3 Bb4 4. e3 O-O 5. Bd3 d5 6. Nf3 c5 7. O-O Nc6 8. a3
Bxc3 9. bxc3 dxc4 (9... Qc7) 10. Bxc4 Qc7 11. Bb5 $5 (11. Bd3 e5 12. Qc2 Re8
13. dxe5 Nxe5 14. Nxe5 Qxe5 15. f3 $10) 11... b6 $6 (11... Bd7 $5 12. a4 b6) (
11... Rd8 12. Qc2 Bd7 13. a4 Rac8 14. Ba3 cxd4 15. exd4 (15. cxd4 $2 Nxd4 $1)
15... Be8 $13 {Gustafsson - Pioch, BL, 1993}) 12. Re1 Bd7 13. Bf1 $1 Nd5 $6 (
13... e5 $2 14. d5 e4 $2 15. dxc6) (13... Rfd8 $5) 14. c4 Nf6 (14... Nde7 $2
15. d5 Na5 16. d6 $18) 15. Bb2 $16 (15. d5) 15... cxd4 16. exd4 Na5 17. d5 (17.
Rc1 $5) (17. Ne5 $5) 17... Qf4 $6 (17... Nxc4 $5 18. Bxf6 gxf6 19. Qd4 $40) (
17... Rfe8) 18. g3 $1 (18. Re5 Nxc4 19. Bc1 Qxf3 (19... Qg4 $2 20. Rg5 Qe4 21.
Bd3 $18) 20. Qxf3 Nxe5 21. Qg3 $16) (18. Ne5) 18... Qc7 (18... Qh6 $2 19. Bc1
Qg6 20. Ne5 Qf5 21. g4 $18) (18... Qd6 19. dxe6 Qxd1 20. exf7+ Rxf7 21. Raxd1
$16) 19. Ng5 exd5 20. cxd5 Qd6 {[#]} 21. Qb1 $1 (21. Qd3 Qxd5 22. Bxf6 Qxd3 23.
Bxd3 gxf6 24. Nxh7 Rfd8 25. Nxf6+ Kg7 $16) 21... Qxd5 (21... g6 22. Be5 Qe7 23.
Qb2 Ne8 24. Bg7 Qxg5 25. Bxf8 Qf6 26. Re5 $1 $18) (21... h6 22. Bxf6 hxg5 23.
Be7 Qxd5 24. Bg2 Qf5 25. Qxf5 Bxf5 26. Bxa8 Rxa8 27. Bxg5 $18) 22. Bxf6 Bf5 23.
Qb2 gxf6 24. Qxf6 Bg6 25. Bg2 Qd8 (25... Qf5 26. Qxf5 Bxf5 27. Bxa8 Rxa8 28.
Re7 $18) 26. Re7 $1 (26. Re7 $1 Nc6 27. Ne6 $1) 1-0